Guess all of the characters from Henry Danger - Statistics

General Stats
  • This quiz has been taken 5,228 times
  • The average score is 6 of 11
Answer Stats
Hint Answer % Correct
Henry's annoying sister, that cannot last a second without internet Piper
97%
Mrs. Hart and Mr. Hart's son Henry
96%
Henry's Best friend, that likes to do life hacks Jasper
93%
A very smart girl that knows Henry's secret Charlotte
85%
Captin man's sidekick Kid danger
82%
The worlds stupidest villian Jeff
43%
A guy that works in Junk and Stuff Gooch
28%
A man that works in the man cave with Charlotte Shwoz
17%
Dr. and Mrs. _____ Minyak
14%
The evilest villian The toddler
11%
Also known as Captin Man Raye
5%
No matching quizzes found
Score Distribution
Percent of People with Each Score
Percentile by Number Answered
Your Score History
You have not taken this quiz